Biblioteca

La enseñanza de valores universales (Registro nro. 60195)

Detalles MARC
000 -LÍDER
Campo fijo de descripción fija 009430000a22001210004500
100 1# - ASIENTO PRINCIPAL--NOMBRE PERSONAL
Nombre personal Reimers, Fernando
245 10 - TÍTULO
Título del Material La enseñanza de valores universales
300 ## - DESCRIPCIÓN FÍSICA
Extensión Vol.0, núm.4 (Febrero, 2005), Páginas 4-6
500 ## - NOTA GENERAL
Nota General Fernando Reimers es el director del Programa de Política Internacional de Educación de la Escuela de Educación de la Universidad de Harvard. Ha sido consultor del Instituto para el Desarrollo Internacional de Harvard, de la Universidad Central de Venezuela y del Banco Mundial. Condensado de un trabajo del mismo título presentado por el autor ante la Academia Norteamericana de Artes y Ciencias en mayo de 2004
773 0# - HOST ITEM ENTRY
Title Educación para la paz
942 ## - TIPO DE MATERIAL (KOHA)
Tipo de Item KOHA Artículos de Revista
Existencias
Estado de Material Estado de Perdido Estado de Dañado No para Préstamo Colección Biblioteca de Origen Biblioteca Permanente Fecha de Adquisición Total de Préstamos Signatura Topográfica Última vez visto Fecha de Remplazo Tipo de Material
        Colección de Hemeroteca Biblioteca FUSBC Biblioteca FUSBC 26/01/2016   26/01/2016 26/01/2016 Artículos de Revista

Biblioteca FUSBC | Teléfono: (57+4) 349 88 10 Ext. 141| WhatsApp (+57) 3005338115 
E-mail: biblioteca@unisbc.edu.co | Calle 76 87-14 Robledo Palenque, Medellín, Colombia

Con tecnología Koha